LEADER 01060nam a2200277 a 4500 001 000000131836 003 CaOOAMICUS 005 20121204103936.0 008 121204s1968 it u000 u ita r 040 $aPUL$bita 100 1 $aDescartes, René,$d1596-1650.$0(OLS)http://pul/name/6016 245 10$aDiscorso sul metodo /$cDescartes ; a cura di Armando Carlini. 250 $a11. ed. 260 $aBari :$bLaterza,$c1968. 300 $a145 p. ;$c18 cm 490 1 $aPiccola biblioteca filosofica Laterza ;$v08 700 1 $aCarlini, Armando,$d1878-1959.$0(OLS)http://pul/name/3657 830 0$aPiccola biblioteca filosofica Laterza ;$v08.$0(OLS)http://pul/title/5082 850 $aPUL 852 $aPUL$W1$xDP1 Fondo E. Rossi$y115$m1 D 50$j42364$qFondi$B151083$CPULBib$Z2$F151083 $82 900 $aCartesio,$d1596-1650$96016 941 1 $a1 961 $aSul dorso collocazione ms. di E. Rossi: D 44 996 $6245$aDiscorso sul metodo$9(OLS)http://pul/title/79725 996 $6260$aBari :$bLaterza$9(OLS)http://pul/publisher/47895 LEADER 01791nam a2200349 a 4500 001 000000121382 003 CaOOAMICUS 005 20100830134532.0 008 100426t2010 it u000 u ita r 020 $a978-88-598-0515-1 040 $aPUL$bita$dReb 082 04$a345.45 245 02$aI delitti contro la moralità pubblica, di prostituzione, contro il sentimento per gli animali e contro la famiglia :$bmateriali. 246 30$aDelitti contro la famiglia 246 30$aDelitti contro il sentimento per gli animali 246 30$aDelitti di prostituzione 260 $aTorino :$bUTET Giuridica,$c©2010. 300 $axvii, 376 p. ;$c25 cm. 490 1 $aTrattato di diritto penale. Parte speciale ;$v6 504 $aInclude riferimenti bibliografici ed indice. 650 4$aDiritto penale$zItalia$vManuali.$0(OLS)http://pul/subject/8081 830 0$aTrattato di diritto penale (UTET Giuridica)$pParte speciale ;$v6.$0(OLS)http://pul/title/145814 850 $aPUL 852 $aPUL$W1$xSL Diritto e Scienze Sociali 3$y79$m345. 45 CADAL 3.2.6 bis$j139240$qDDC 21$B138455$CPULBib$Z2$F138455 $H113337 $82 941 1 $a9 996 $6020$a978-88-598-0515-1$9(OLS)http://pul/number/143999 996 $6082$a345.45$9(OLS)http://pul/classification/371 996 $6246$aDelitti contro la famiglia$9(OLS)http://pul/title/152325 996 $6246$aDelitti contro il sentimento per gli animali$9(OLS)http://pul/title/152324 996 $6246$aDelitti di prostituzione$9(OLS)http://pul/title/152326 996 $6245$aI delitti contro la moralità pubblica, di prostituzione, contro il sentimento per gli animali e contro la famiglia :$bmateriali$9(OLS)http://pul/title/154815 996 $6260$aTorino :$bUTET Giuridica$9(OLS)http://pul/publisher/79191